000 00516nam a2200145Ia 4500
008 100122s9999 xx 000 0 und d
082 _b38820
_a823
100 _aबिनिवाले अविनाश
245 _aजय कैलास ! जय मानस !!
260 _bश्री गंधर्व वेद प्रकाशन
_c1905
300 _a365
630 _aजय कैलास ! जय मानस !!
730 _aजय कैलास ! जय मानस !!
942 _cBOOK
999 _c420765
_d420762